[Event "North American-ch U12"]
[Site "Montreal"]
[Date "2010.08.16"]
[Round "1"]
[White "Graif, William"]
[Black "Boudreault, Laurent"]
[Result "1-0"]
[WhiteElo "1903"]
[BlackElo "698"]
[PlyCount "43"]
[EventDate "2010.08.16"]
[EventType "swiss"]
[EventRounds "7"]
[EventCountry "CAN"]
[SourceTitle "EXT 2013"]
[Source "ChessBase"]
[SourceDate "2012.11.22"]
[SourceVersion "1"]
[SourceVersionDate "2012.11.22"]
[SourceQuality "1"]

1. e4 e5 2. Nf3 Nc6 3. d4 Bd6 4. Bb5 f6 5. Bxc6 dxc6 6. dxe5 fxe5 7. Nxe5 Be7 8. Qh5+ g6 9. Nxg6 Nf6 10. Qh4 Rg8 11. Nxe7 Qxe7 12. 0-0 Rg4 13. Qh6 Rxe4 14. Bg5 Re1 15. Bxf6 Qe2 16. Nd2 Qxd2 17. Qxd2 Re6 18. Qd8+ Kf7 19. Bg5 Re8 20. Qf6+ Kg8 21. Bh6 Re7 22. Qf8# 1-0